Liber Evangeliorum: knižní malba Beuronské umělecké školy = Liber Evangeliorum : die Buchmalerei der Beuroner Kunstschule
| Subtitles: | Liber Evangeliorum |
|---|---|
| Authors: | ; ; |
| Contributors: | |
| Format: | Print Image |
| Language: | German Czech |
| Subito Delivery Service: | Order now. |
| Check availability: | HBZ Gateway |
| Interlibrary Loan: | Interlibrary Loan for the Fachinformationsdienste (Specialized Information Services in Germany) |
| Published: |
Praha
Nadační fond Malakim
2016
Praha Spolek přátel berounského umění 2016 |
| In: | Year: 2016 |
| Standardized Subjects / Keyword chains: | B
Czech Republic
/ Beuron
|
| Further subjects: | B
Illustrated book
B Beuron school of art B Lenz, Peter <1832-1928> B Christian art and symbolism 20th century |
MARC
| LEADER | 00000cam a2200000 c 4500 | ||
|---|---|---|---|
| 001 | 876614977 | ||
| 003 | DE-627 | ||
| 005 | 20251224203526.0 | ||
| 007 | tu | ||
| 008 | 170112s2016 xr ||||| 00| ||ger c | ||
| 020 | |a 9788090633407 |9 978-80-906334-0-7 | ||
| 035 | |a (DE-627)876614977 | ||
| 035 | |a (DE-576)9876614975 | ||
| 035 | |a (DE-599)BSZ9876614975 | ||
| 035 | |a (DE-604)BV044007199 | ||
| 040 | |a DE-627 |b ger |c DE-627 |e rda | ||
| 041 | |a ger |a cze | ||
| 044 | |c XA-CZ | ||
| 082 | 0 | |a 002.09 |q DE-604 |2 22/ger | |
| 082 | 0 | |a 200.9 |q DE-604 |2 22/ger | |
| 082 | 0 | |a 709 |q DE-604 |2 22/ger | |
| 082 | 0 | 4 | |a 740 |a 090 |q DE-101 |
| 084 | |a KUNST |q DE-16 |2 fid | ||
| 084 | |a 1 |2 ssgn | ||
| 084 | |a OST |q DE-12 |2 fid | ||
| 084 | |a AM 53000 |q BVB |2 rvk |0 (DE-625)rvk/4346: | ||
| 084 | |a 15.61 |2 bkl | ||
| 245 | 0 | 0 | |a Liber Evangeliorum |b knižní malba Beuronské umělecké školy = Liber Evangeliorum : die Buchmalerei der Beuroner Kunstschule |c editor: Monica Bubna-Litic ; Autoren: P. Augustinus Gröger OSB, Monica Bubna-Litic, Miroslav Kunštát, Hana Navrátilová |
| 246 | 3 | 1 | |a Liber Evangeliorum |b die Buchmalerei der Beuroner Kunstschule |
| 264 | 1 | |a Praha |b Nadační fond Malakim |c 2016 | |
| 264 | 1 | |a Praha |b Spolek přátel berounského umění |c 2016 | |
| 300 | |a 232 Seiten | ||
| 336 | |a Text |b txt |2 rdacontent | ||
| 336 | |a unbewegtes Bild |b sti |2 rdacontent | ||
| 337 | |a ohne Hilfsmittel zu benutzen |b n |2 rdamedia | ||
| 338 | |a Band |b nc |2 rdacarrier | ||
| 546 | |a Text deutsch und tschechisch | ||
| 600 | 1 | 4 | |a Lenz, Peter <1832-1928> |
| 601 | |a Buchmalerei | ||
| 650 | 4 | |a Beuron school of art | |
| 650 | 4 | |a Christian art and symbolism |x 20th century | |
| 655 | 7 | |a Bildband |0 (DE-588)4145395-5 |0 (DE-627)104450835 |0 (DE-576)209741139 |2 gnd-content | |
| 689 | 0 | 0 | |d g |0 (DE-588)4303381-7 |0 (DE-627)121620166 |0 (DE-576)211057924 |2 gnd |a Tschechien |
| 689 | 0 | 1 | |d s |0 (DE-588)4145105-3 |0 (DE-627)105593427 |0 (DE-576)209738901 |2 gnd |a Beuroner Kunstschule |
| 689 | 0 | |5 DE-101 | |
| 700 | 1 | |a Bubna-Litic, Monica |e HerausgeberIn |4 edt | |
| 700 | 1 | |e VerfasserIn |0 (DE-588)137245955 |0 (DE-627)59103364X |0 (DE-576)302832564 |4 aut |a Gröger, Augustinus |d 1942- | |
| 700 | 1 | |e VerfasserIn |0 (DE-588)1043117253 |0 (DE-627)770139922 |0 (DE-576)394471008 |4 aut |a Kunštát, Miroslav |d 1958- | |
| 700 | 1 | |e VerfasserIn |0 (DE-588)133077446 |0 (DE-627)533326214 |0 (DE-576)299607151 |4 aut |a Navratilová, Hana |d 1979- | |
| 935 | |a mteo | ||
| 936 | r | v | |a AM 53000 |b Einzelne Malerschulen |k Allgemeines |k Schrift und Handschriftenkunde. Schriftarten und Schreiben |k Handschriftenkunde |k Buchmalerei |k Einzelne Malerschulen |0 (DE-627)1270666339 |0 (DE-625)rvk/4346: |0 (DE-576)200666339 |
| 936 | b | k | |a 15.61 |j Tschechien |j Slowakei |j Ungarn |x Geschichte |0 (DE-627)181570068 |
| 951 | |a BO | ||
| ELC | |b 1 | ||
| LOK | |0 000 xxxxxcx a22 zn 4500 | ||
| LOK | |0 001 3725629986 | ||
| LOK | |0 003 DE-627 | ||
| LOK | |0 004 876614977 | ||
| LOK | |0 005 20200717145514 | ||
| LOK | |0 008 200717||||||||||||||||ger||||||| | ||
| LOK | |0 035 |a (DE-Tue135)BVBBV044007199 | ||
| LOK | |0 040 |a DE-Tue135 |c DE-627 |d DE-Tue135 | ||
| LOK | |0 092 |o n | ||
| LOK | |0 852 |a DE-Tue135 | ||
| LOK | |0 852 1 |9 00 | ||
| LOK | |0 935 |a bsbo | ||
| LOK | |0 939 |a 17-07-20 |b l01 | ||
| ORI | |a SA-MARC-ixtheoa001.raw | ||
| REL | |a 1 | ||
| STA | 0 | 0 | |a Beuron,Beuroner Kunstschule,Czech Republic,Ceská Republika |
| STB | 0 | 0 | |a École d’art de Beuron |
| STC | 0 | 0 | |a Escuela de arte de Beuron |
| STD | 0 | 0 | |a Scuola d'arte di Beuron |
| STE | 0 | 0 | |a 伯隆艺术学校 |
| STF | 0 | 0 | |a 伯隆藝術學校 |
| STG | 0 | 0 | |a Escola de arte de Beuron |
| STH | 0 | 0 | |a Бойронская школа искусств |
| STI | 0 | 0 | |a Σχολή καλών τεχνων του Beuron |
| SUB | |a REL | ||
| SYG | 0 | 0 | |a Tschechische Republik,Tschechenland,Tschechei,Česká Republika,Czech Republic,ČR , Schule von Beuron,Beuroner Schule |
| TIM | |a 100019930101_100020261231 |b 1993 - 2026 | ||